A Harmony of the Gospels for students of the life of Christ : (Record no. 7118)
[ view plain ]
| 000 -LEADER | |
|---|---|
| fixed length control field | 00745cam a2200217Ia 4500 |
| 001 - CONTROL NUMBER | |
| control field | 26676449 |
| 003 - CONTROL NUMBER IDENTIFIER | |
| control field | OCoLC |
| 005 - DATE AND TIME OF LATEST TRANSACTION | |
| control field | 20190122191936.0 |
| 008 - FIXED-LENGTH DATA ELEMENTS--GENERAL INFORMATION | |
| fixed length control field | 920928s1950 nyu 000 0 eng d |
| 020 ## - INTERNATIONAL STANDARD BOOK NUMBER | |
| International Standard Book Number | 0060668903 |
| 040 ## - CATALOGING SOURCE | |
| Original cataloging agency | OZA |
| Transcribing agency | OZA |
| Modifying agency | CFT |
| -- | CDC |
| 082 ## - DEWEY DECIMAL CLASSIFICATION NUMBER | |
| Classification number | 226.1 |
| Item number | R649h |
| 092 ## - LOCALLY ASSIGNED DEWEY CALL NUMBER (OCLC) | |
| Classification number | 226.1 |
| Item number | R648H |
| 100 1# - MAIN ENTRY--PERSONAL NAME | |
| Personal name | Robertson, A. T., |
| Dates associated with a name | 1863-1934 |
| 245 12 - TITLE STATEMENT | |
| Title | A Harmony of the Gospels for students of the life of Christ : |
| Remainder of title | based on the Broadus Harmony in the revised version / |
| Statement of responsibility, etc. | by A. T. Robertson |
| 260 ## - PUBLICATION, DISTRIBUTION, ETC. | |
| Place of publication, distribution, etc. | New York : |
| Name of publisher, distributor, etc. | Harper & Row, |
| Date of publication, distribution, etc. | c1950 |
| 300 ## - PHYSICAL DESCRIPTION | |
| Extent | xxxvii, 304 p. ; |
| Dimensions | 21 cm |
| 630 00 - SUBJECT ADDED ENTRY--UNIFORM TITLE | |
| Uniform title | Bible. |
| Name of part/section of a work | Gospels |
| General subdivision | Harmonies |
| 700 11 - ADDED ENTRY--PERSONAL NAME | |
| Personal name | Broadus, John Albert, |
| Dates associated with a name | 1827-1895. |
| Title of a work | Harmony of the Gospels in the Revised Version |
| 942 ## - ADDED ENTRY ELEMENTS (KOHA) | |
| Source of classification or shelving scheme | Dewey Decimal Classification |
| Koha item type | Books |
| Withdrawn status | Lost status | Source of classification or shelving scheme | Damaged status | Not for loan | Collection code | Home library | Current library | Shelving location | Date acquired | Cost, normal purchase price | Total Checkouts | Full call number | Barcode | Date last seen | Date last checked out | Price effective from | Koha item type |
|---|---|---|---|---|---|---|---|---|---|---|---|---|---|---|---|---|---|
| Dewey Decimal Classification | Non-fiction | Harvest Mission College | Harvest Mission College | General Stacks | 22.01.2019 | 120.00 | 1 | 226.1 R649h | 008080 | 14.04.2025 | 05.04.2025 | 22.01.2019 | Books |
